| 000 | 00958nam a2200289 i 4500 | ||
|---|---|---|---|
| 003 | EG-GICUC | ||
| 005 | 20260121101212.0 | ||
| 008 | 251111s1952 -us |f |||| 001 0 eng d | ||
| 040 |
_aEG-GiCUC _beng _cEG-GiCUC _dEG-GiCUC _erda |
||
| 041 | 0 | _aeng | |
| 082 | 0 | 4 |
_221 _a338.9 _bNE . D |
| 092 | 0 | 4 | _221 |
| 099 | _aLaw1 13 338.9 NE . D 1952 | ||
| 100 | 1 |
_aNewman , Philip Charles _eAuthor. |
|
| 245 | 1 | 4 |
_aThe Development Of Economic Thought / _cBy Philip Charles Newman, Ph.d. |
| 264 | 1 |
_aNew York : _bPrentice-hall, Inc, _c1952. |
|
| 300 |
_a456 pages : _billustrations ; _c24 cm. |
||
| 336 |
_2rda content _atext |
||
| 337 |
_2rda media _aComputer |
||
| 338 |
_2rda carrier _aOnline Resource |
||
| 504 | _aIncludes bibliographical references and index. | ||
| 546 | _aText in English | ||
| 650 | 1 | 4 | _aPublic finance and tax legislation |
| 856 | 4 | 0 | _uhttps://fll.law.cu.edu.eg/fulltext/bks/B13-07516.pdf |
| 905 | _a48 | ||
| 942 |
_2ddc _cBK _e21 _n0 |
||
| 999 |
_c42727 _d42727 |
||